| 000 | 01648nam0a2200349 4500 | ||
|---|---|---|---|
| 001 | RU\NLR\bibl\1498246 | ||
| 005 | 20260406001517.0 | ||
| 010 |
_a978-5-9926-0380-4 _950 |
||
| 021 |
_aRU _b2010-11637 _9771 |
||
| 035 | _a(NLR Aleph) 001489722 | ||
| 090 |
_a1755902 _c1755902 |
||
| 100 | _a20100413d2009 |||y0rusy50 ca | ||
| 101 | 0 |
_arus _aeng |
|
| 102 | _aRU | ||
| 105 | _aa ||||||||| | ||
| 200 | 1 |
_aПутеводитель для учащихся _dLearner's guide _e[информационно-методическое пособие _efor studying of English language for professional usage in sphere of innovative projects management] _fО.Б. Смирнова _zeng |
|
| 210 |
_aАстрахань _cАстраханский университет _d2009 |
||
| 215 |
_a43 с. _cил. _d20 |
||
| 225 | 1 | _aEducation and culture | |
| 300 | _aАвт. также на англ. яз.: O. Smirnova | ||
| 300 | _aНа обл. в надзаг. также: Tempus, Network of centers for training of innovative project management JEP 27082_2006 | ||
| 510 | 1 |
_6z22790 _aLearner's guide _zeng |
|
| 606 | 1 |
_aАнглийский язык _xУчебные издания для менеджеров _92400120 _3RU\NLR\auth\661430735 |
|
| 686 | _aШ143.21-93рус329.3 | ||
| 700 | 1 |
_4070 _8rus _7ca _aСмирнова _bО. Б. _cлингвист _gОльга Борисовна _3RU\NLR\AUTH\7757933 _940865 |
|
| 790 | 1 |
_4070 _8rus _7ba _aSmirnova _bO. B. _cлингвист _gOl'ga Borisovna _3RU\NLR\AUTH\77111061 _993986 |
|
| 801 | 0 |
_aRU _bNLR _c20100413 _gRCR |
|
| 801 | 1 |
_aRU _bNLR _c20100413 |
|
| 942 | _cBOOK | ||
| 980 | _aNB | ||